[Event "Campeonato de Aragon por Equipos 2009"]
[Site "Aragon"]
[Date "2009.03.21"]
[Round "8.22"]
[White "Valles Mata David"]
[Black "Aguirre Izaguirre Pedro Jose"]
[Result "0-1"]
[WhiteElo "2147"]
[BlackElo "2255"]

1.d4 f5 2.Nc3 d5 3.Bg5 g6 4.h4 Bg7 5.e3 c6 6.Nf3 Be6 7.Bd3 Nd7 8.h5 Nf8 9.hxg6
hxg6 10.Rxh8 Bxh8 11.Nh4 Bf7 12.f4 Ne6 13.Nf3 Bf6 14.Qe2 Nxg5 15.fxg5 Bg7 16.
O-O-O e5 17.dxe5 Qe7 18.g4 fxg4 19.Nd4 Bxe5 20.Qxg4 Qd7 21.Qf3 O-O-O 22.Rf1
Be8 23.Qf8 Ne7 24.Na4 Qd6 25.Nb3 b6 26.Ba6+ Kb8 27.Nc3 b5 28.Na5 Nf5 29.Qg8
Bxc3 30.Nb7 Bxb2+ 31.Kxb2 Qb4+ 32.Kc1 Rc8 33.Nc5 Qa3+ 34.Kb1 Qb4+ 35.Nb3 Rd8
36.Rh1 Qe4 37.Rh7 Nxe3 38.Rh2 Nc4 39.Qg7 Qe1+ 40.Nc1 Rd7 41.Qh8 Re7 0-1

[Event "Campeonato de Aragon por Equipos 2009"]
[Site "Aragon"]
[Date "2009.03.21"]
[Round "8.23"]
[White "Jimenez Fernandez Alejandro"]
[Black "Alsina Franco Sergi"]
[Result "1-0"]
[WhiteElo "1984"]
[BlackElo "2112"]

1.d4 d5 2.c4 e6 3.Nc3 Nf6 4.cxd5 exd5 5.Bg5 Be7 6.e3 h6 7.Bh4 O-O 8.Bd3 b6 9.
Nf3 Bb7 10.O-O Nbd7 11.Qc2 c5 12.Rad1 a6 13.Bf5 c4 14.Ne5 b5 15.a3 Qe8 16.f4
b4 17.axb4 Bxb4 18.Rf3 Bxc3 19.bxc3 Nxe5 20.fxe5 Ne4 21.Bxe4 dxe4 22.Rg3 Kh8
23.Qf2 Qe6 24.Qf4 a5 25.Bf6 1-0

[Event "Campeonato de Aragon por Equipos 2009"]
[Site "Aragon"]
[Date "2009.03.21"]
[Round "8.24"]
[White "Cuello Borau Jorge"]
[Black "Garcia Monterde Francisco Jose"]
[Result "0-1"]
[WhiteElo "1863"]
[BlackElo "1929"]

1.d4 Nf6 2.c4 c5 3.d5 b5 4.cxb5 a6 5.bxa6 Bxa6 6.g3 g6 7.Bg2 d6 8.Nh3 Bg7 9.
O-O O-O 10.Nc3 Nbd7 11.Re1 Qb6 12.e4 Rfb8 13.f4 c4+ 14.Nf2 Nc5 15.Kh1 Nfd7 16.
Bh3 Qc7 17.Bf1 Rb4 18.Kg2 Rab8 19.Re3 Qa5 20.a3 R4b7 21.Bxc4 Bxc4 22.b4 Rxb4
23.axb4 Qxa1 24.bxc5 Bxc3 25.Qc2 Bb2 26.Bxb2 Bf1+ 27.Kf3 Rxb2 0-1

[Event "Campeonato de Aragon por Equipos 2009"]
[Site "Aragon"]
[Date "2009.03.21"]
[Round "8.25"]
[White "Navarro Alonso Jorge Luis"]
[Black "Romon Poves Raul"]
[Result "1/2-1/2"]
[WhiteElo "2176"]
[BlackElo "2251"]

1.e4 e5 2.Nf3 Nc6 3.Bb5 a6 4.Ba4 Nf6 5.Qe2 b5 6.Bb3 Be7 7.c3 O-O 8.O-O d5 9.d3
Bb7 10.Rd1 Re8 11.Bg5 Nd7 12.Be3 Nf6 13.Bg5 d4 14.Nbd2 Nd7 15.Bxe7 Qxe7 16.
cxd4 Nxd4 17.Nxd4 exd4 18.Rac1 c5 19.Qh5 g6 20.Qh3 Rac8 21.f4 Nb6 22.a4 Nxa4
23.Bxa4 bxa4 24.Nc4 Rb8 25.Rf1 Ba8 26.f5 Rb3 27.Rf3 a3 28.bxa3 Reb8 29.Rcf1
Rb1 30.Qh6 Rxf1+ 31.Rxf1 Rb3 32.Ne5 Qf8 33.Qh4 gxf5 34.Rxf5 Rb1+ 35.Kf2 Rb2+
36.Kf3 f6 37.Rxf6 Qg7 38.Qg3 Bb7 39.Nd7 Bxe4+ 40.Kxe4 Re2+ 41.Kd5 Qxg3 42.hxg3
Rxg2 43.Rf3 Ra2 44.Nxc5 Rxa3 45.Ne6 h6 46.Kxd4 a5 47.Kc4 Ra1 48.Rf8+ Kh7 49.
Ra8 Rc1+ 50.Kb5 Re1 51.Nc5 Rb1+ 52.Kxa5 Rg1 53.Ra7+ Kg6 54.Ne4 Kf5 55.Rh7 Rd1
56.Nc5 Ke5 57.Rxh6 Kd4 58.Na4 Rxd3 59.g4 Ke5 60.Kb5 Rg3 61.Rg6 Kf4 62.Nb6 Rxg4
63.Nd5+ Kf3 64.Rxg4 1/2-1/2

[Event "Campeonato de Aragon por Equipos 2009"]
[Site "Aragon"]
[Date "2009.03.21"]
[Round "8.26"]
[White "Gil Capape MA"]
[Black "Montes Santos Lorenzo"]
[Result "1-0"]
[WhiteElo "2161"]
[BlackElo "2089"]

1.e4 c5 2.Nf3 g6 3.Bc4 Bg7 4.O-O Nc6 5.c3 d6 6.d4 cxd4 7.cxd4 Nf6 8.e5 dxe5 9.
dxe5 Qxd1 10.Rxd1 Ng4 11.e6 Bxe6 12.Bxe6 fxe6 13.h3 Nf6 14.Ng5 Rd8 15.Bd2 Nd4
16.Nc3 h6 17.Be3 Nh5 18.Bxd4 Rxd4 19.Nxe6 Rxd1+ 20.Rxd1 Bxc3 21.bxc3 Kf7 22.
Nd8+ Kf6 23.g3 b6 24.Rd4 g5 25.Rd7 Re8 26.Kf1 Ng7 27.Ke2 Nf5 28.a4 h5 29.Kd3
g4 30.hxg4 hxg4 31.Ke4 Rh8 32.Kf4 Rh2 33.Rd2 Nh6 34.Re2 e5+ 35.Ke4 Nf5 36.Kd3
e4+ 37.Rxe4 Rxf2 38.Rxg4 Rf3+ 39.Kd2 Nxg3 40.Nc6 Nf5 41.Nxa7 Rf2+ 42.Kc1 Ne3
43.Rb4 Rc2+ 44.Kb1 Rxc3 45.Rxb6+ Ke7 46.Rb7+ Kd8 47.Kb2 Rc7 48.Rb8+ Kd7 49.Nb5
Rc6 50.Kb3 Ra6 51.Rh8 Nd5 52.Rh7+ Kc6 53.Rh6+ Kb7 54.Nd6+ Kb8 55.Rh8+ Kc7 56.
Rh7+ Kc6 57.Nc4 Kc5 58.a5 Nf4 59.Rc7+ Rc6 60.Rf7 Nd5 61.Rf5 Ra6 62.Ne3 Rxa5
63.Rxd5+ 1-0

[Event "Campeonato de Aragon por Equipos 2009"]
[Site "Aragon"]
[Date "2009.03.21"]
[Round "8.27"]
[White "Cerrajeria Ruiz Jesus Maria"]
[Black "Ansola Marquinez Alberto"]
[Result "1-0"]
[WhiteElo "2079"]
[BlackElo "2156"]

1.e4 Nc6 2.Nf3 e6 3.d3 d5 4.Nbd2 d4 5.c3 e5 6.cxd4 exd4 7.a3 a5 8.Qa4 Be6 9.
Nb3 Bxb3 10.Qxb3 Ra6 11.Be2 Rb6 12.Qa4 g6 13.Ne5 Ne7 14.Bg4 Bg7 15.Nd7 Ra6 16.
Bh3 h6 17.Nc5 b5 18.Qxb5 Rb6 19.Qa4 O-O 20.Nd7 Rb7 21.Nxf8 Bxf8 22.f4 Qd6 23.
O-O Qc5 24.Bd7 Nd8 25.f5 c6 26.b4 Qc3 27.fxg6 Rxd7 28.gxf7+ Nxf7 29.Ra2 axb4
30.axb4 Qxd3 31.Raf2 Ng6 32.Qxc6 Nge5 33.Qe6 Rd6 34.Qa2 Rd7 35.Bf4 Qc4 36.Qa8
Qc6 37.Qe8 Re7 38.Qb8 Rb7 39.Qa8 Re7 40.Qxc6 Nxc6 41.b5 Nb4 42.Bd6 Nxd6 43.
Rxf8+ Kg7 44.Rd8 Nxb5 45.Rb8 Re5 46.Rb1 d3 47.Rxb4 Nc3 48.Rd8 Ra5 49.Rxd3 Ne2+
50.Kf2 Ra2 51.Ke3 Nc1 52.Rd7+ Kf6 53.Rb6+ Kg5 54.Rg7+ Kh5 1-0

[Event "Campeonato de Aragon por Equipos 2009"]
[Site "Aragon"]
[Date "2009.03.21"]
[Round "8.28"]
[White "Argueso Pascual Jorge"]
[Black "Osorio Marin Alejandro"]
[Result "0-1"]
[WhiteElo "1978"]
[BlackElo "1977"]

1.d4 Nf6 2.c4 e6 3.Nf3 Bb4+ 4.Bd2 Qe7 5.g3 O-O 6.Nc3 d5 7.Bg2 Nbd7 8.cxd5 exd5
9.O-O c6 10.Qc2 Nb6 11.Bg5 h6 12.Bxf6 Qxf6 13.e3 Bf5 14.Qb3 Bd6 15.Rfe1 Rfe8
16.Nd2 Qg6 17.e4 dxe4 18.Ndxe4 Bf8 19.a4 Be6 20.Qd1 Rad8 21.Ne2 Bg4 22.f3 Bf5
23.Nf4 Qh7 24.Nh5 Qg6 25.Nf4 Qh7 26.Nh5 Bxe4 27.fxe4 Qg6 28.Nf4 Qd6 29.Ne2 Qb4
30.Qc2 Nc4 31.Qc3 Nd2 32.Qc2 Nb3 33.Rad1 Nxd4 34.Nxd4 Rxd4 35.Ra1 Rd2 36.Qc3
Qb6+ 37.Kh1 Red8 38.b3 Qf2 39.Qf3 R8d3 40.Qxf2 Rxf2 41.Rac1 Rdd2 42.Rg1 Rb2
43.Rb1 Bb4 44.Rxb2 Rxb2 45.Rd1 Kf8 46.Bf1 Rxb3 47.Rd7 Be7 48.Rc7 Bd8 49.Rc8
Ke7 50.Rb8 c5 51.Bb5 a6 52.Rxb7+ Kf6 53.Bxa6 Rxb7 54.Bxb7 c4 55.Ba6 c3 56.Bd3
Ke5 57.Kg2 Kd4 58.Bc2 Ke3 59.h4 Kd2 60.Bb3 c2 61.Bxc2 Kxc2 62.Kf3 Kb3 63.Kf4
Kxa4 64.h5 Kb5 65.Kf5 Kc5 66.g4 Be7 67.Ke5 Bf6+ 68.Kf5 Be7 69.Ke5 Kc6 70.Kf5
Kd6 71.e5+ Kd5 72.Kf4 0-1

[Event "Campeonato de Aragon por Equipos 2009"]
[Site "Aragon"]
[Date "2009.03.21"]
[Round "8.30"]
[White "Accattato Martin Mario"]
[Black "Portero Garnica Miguel Angel"]
[Result "1-0"]
[WhiteElo "2084"]
[BlackElo "2179"]

1.e4 e5 2.Nf3 Nc6 3.d4 exd4 4.Nxd4 Nf6 5.Nc3 Bb4 6.Nxc6 bxc6 7.Bd3 d5 8.exd5
cxd5 9.O-O O-O 10.Bg5 c6 11.Na4 Bd6 12.c3 h6 13.Bh4 Re8 14.Bc2 a5 15.Qf3 g5
16.Bg3 Bg4 17.Qd3 Be2 18.Qf5 Bxf1 19.Rxf1 Qe7 20.f4 gxf4 21.Bh4 Kg7 22.Re1
Qa7+ 23.Kf1 Rxe1+ 24.Bxe1 Re8 25.Bh4 Re6 26.Bf2 Qe7 27.Nb6 Re5 28.Nc8 Qe6 29.
Qxe6 Rxe6 30.Nxd6 Rxd6 31.Bd4 Kg8 32.Bf5 Nd7 33.b4 axb4 34.cxb4 f6 35.a4 Kf7
36.a5 Nb8 37.Bc8 Rd8 38.Bb7 Ke7 39.a6 Nxa6 40.Bxa6 Rb8 41.Be2 Ra8 42.b5 cxb5
43.Bxb5 Ra2 44.Be2 Ke6 45.Bg4+ f5 46.Bf3 Ra6 47.Bg7 Kf7 48.Be5 Kg6 49.Bxf4 d4
50.Ke2 Ra3 51.h4 h5 52.Kd2 Rb3 53.Bc6 Rb2+ 54.Kd3 Kf7 55.g3 Ke7 56.Kxd4 Kf6
57.Be8 Rb4+ 58.Kd5 Re4 59.Bxh5 Re1 60.Bd2 Re5+ 61.Kd4 Re4+ 62.Kd3 Ra4 63.Bc3+
Ke7 64.Bf3 Kf7 65.Bd5+ Kg6 66.Bf3 Kh6 67.h5 Kh7 68.Bd2 Ra3+ 69.Ke2 Rb3 70.Bf4
Ra3 71.Bc6 Ra7 72.Ke3 Re7+ 73.Kd4 Re1 74.Kd5 Kg7 75.h6+ Kg6 76.Ba4 Ra1 77.Bc2
Ra5+ 78.Kd4 Rb5 79.g4 Rb4+ 80.Ke3 1-0

[Event "Campeonato de Aragon por Equipos 2009"]
[Site "Aragon"]
[Date "2009.03.21"]
[Round "8.31"]
[White "Fabre Perez Jose Maria"]
[Black "Cid Royo Oscar"]
[Result "1-0"]
[WhiteElo "2092"]
[BlackElo "2080"]

1.e4 c5 2.c3 d5 3.exd5 Qxd5 4.d4 e5 5.Nf3 cxd4 6.cxd4 Nc6 7.Nc3 Bb4 8.Bd2 Bxc3
9.Bxc3 e4 10.Ne5 Nxe5 11.dxe5 Ne7 12.Qc2 a6 13.Rd1 Qc6 14.Rd6 1-0

[Event "Campeonato de Aragon por Equipos 2009"]
[Site "Aragon"]
[Date "2009.03.21"]
[Round "8.32"]
[White "Accattato Martin Nicola"]
[Black "Ruiperez Ramon"]
[Result "0-1"]
[WhiteElo "1875"]
[BlackElo "1834"]

1.e4 c5 2.Nf3 Nc6 3.d4 cxd4 4.Nxd4 Nf6 5.Nc3 e5 6.Ndb5 d6 7.Bg5 a6 8.Na3 b5 9.
Nd5 Be7 10.Bxf6 Bxf6 11.c3 O-O 12.Nc2 Bg5 13.a4 bxa4 14.Rxa4 a5 15.Bb5 Ne7 16.
Nce3 Nxd5 17.Nxd5 f5 18.Nc7 Qxc7 19.Qd5+ Qf7 20.Qxa8 Be6 21.Qxa5 fxe4 22.O-O
e3 23.Qa7 exf2+ 24.Kh1 Qh5 25.Bd7 Bd5 26.Bg4 Qg6 27.Bf3 Rxf3 0-1

[Event "Campeonato de Aragon por Equipos 2009"]
[Site "Aragon"]
[Date "2009.03.21"]
[Round "8.33"]
[White "Martinez Catalin Francisco Javier"]
[Black "Cebrian Valverde Jose Antonio"]
[Result "0-1"]
[WhiteElo "2261"]
[BlackElo "2200"]

1.d4 e6 2.Nf3 Nf6 3.e3 b6 4.Bd3 Bb7 5.O-O Be7 6.Nbd2 d5 7.Ne5 O-O 8.b3 c5 9.
Bb2 cxd4 10.exd4 Nc6 11.a3 a6 12.f4 Ne4 13.Qe2 Nxe5 14.fxe5 Nxd2 15.Qxd2 Bg5
16.Qe2 a5 17.a4 f5 18.exf6 Rxf6 19.Rxf6 Qxf6 20.Rf1 Qh6 21.Re1 Bc8 22.Bf5 Kf7
23.Bh3 Bd7 24.c4 dxc4 25.Qf3+ Bf6 26.Qxa8 Qd2 27.Qe4 Qxb2 28.d5 Qd4+ 29.Qxd4
Bxd4+ 30.Kf1 Be8 31.Bxe6+ Ke7 32.Re4 cxb3 33.d6+ Kxd6 34.Bxb3 Be5 35.g3 Bc6
36.Re1 b5 37.Rd1+ Kc5 38.Rc1+ Kb6 39.axb5 Bxb5+ 40.Ke1 a4 41.Bg8 Bd3 42.Kd2
Bg6 43.Rc8 a3 44.Ra8 Bb2 45.Bc4 Bb1 46.Bf7 Kc5 47.Rc8+ Kd4 48.Rd8+ Ke4 49.Rb8
Kf3 50.Bd5+ Kf2 51.g4 g5 52.Rxb2 0-1

[Event "Campeonato de Aragon por Equipos 2009"]
[Site "Aragon"]
[Date "2009.03.21"]
[Round "8.34"]
[White "Gimeno Oteo Marco Antonio"]
[Black "Solano Lasierra Javier"]
[Result "1-0"]
[WhiteElo "2161"]
[BlackElo "2144"]

1.e4 e6 2.b3 d5 3.Bb2 dxe4 4.Nc3 Nf6 5.Qe2 Be7 6.O-O-O Nbd7 7.g4 h6 8.f4 Nd5
9.Nh3 Bf6 10.Bg2 Nxc3 11.dxc3 c6 12.Nf2 Qc7 13.Nxe4 Qxf4+ 14.Kb1 O-O 15.h4 Be7
16.g5 f5 17.Rdf1 Qc7 18.gxh6 g6 19.h7+ Kf7 20.Ng5+ Bxg5 21.hxg5 Qd8 22.c4 e5
23.Bxe5 Qe7 24.Rxf5+ gxf5 25.Qh5+ Ke6 26.Qg6+ 1-0

[Event "Campeonato de Aragon por Equipos 2009"]
[Site "Aragon"]
[Date "2009.03.21"]
[Round "8.35"]
[White "Pellicer Cemeli Jose Luis"]
[Black "Gutierrez Minguenza Ruben"]
[Result "1/2-1/2"]
[WhiteElo "2047"]
[BlackElo "2068"]

1.e4 c5 2.Nf3 Nc6 3.d4 cxd4 4.Nxd4 d5 5.exd5 Qxd5 6.Be3 e6 7.Nb5 Qe5 8.Be2 a6
9.Nd4 Bd7 10.c3 Nf6 11.Nd2 Nd5 12.Nxc6 Bxc6 13.Bd4 Qc7 14.Bf3 Nf4 15.O-O Bd6
16.Ne4 O-O-O 17.Nxd6+ Rxd6 18.Bxc6 Rxc6 19.Qg4 f5 20.Qf3 e5 21.Be3 g5 22.Bxf4
gxf4 23.Qh5 Rf8 24.Rad1 Qg7 25.Rd5 Rg6 26.g3 Rg5 27.Qf3 h5 28.Rc5+ Kb8 29.Qd5
h4 30.Qd6+ Ka8 31.Rc7 Qg8 32.Qb6 Rb8 33.Rd1 hxg3 34.fxg3 Rxg3+ 35.Kh1 Rg6 36.
Qa5 Qe6 37.Rdd7 Rbg8 38.Qc5 Rg1+ 39.Qxg1 Rxg1+ 40.Kxg1 Qb6+ 1/2-1/2

[Event "Campeonato de Aragon por Equipos 2009"]
[Site "Aragon"]
[Date "2009.03.21"]
[Round "8.36"]
[White "Palomar Ramon Santiago"]
[Black "Felez Casedas Carlos"]
[Result "1-0"]
[WhiteElo "2022"]
[BlackElo "1990"]

1.e4 e5 2.d4 exd4 3.c3 d5 4.exd5 Qxd5 5.cxd4 Nf6 6.Nf3 Bb4+ 7.Bd2 Bxd2+ 8.
Nbxd2 O-O 9.Be2 Nc6 10.Nb3 Re8 11.O-O Bf5 12.Rc1 Rad8 13.Rc5 Qe6 14.Re1 Ne4
15.Bd3 Nxc5 16.Rxe6 Nxe6 17.Bxf5 Nexd4 18.Nbxd4 Nxd4 19.Nxd4 Rxd4 20.Qb1 g6
21.Bc2 Rd2 22.h3 Ree2 23.Be4 Rxb2 24.Qd3 Rbd2 25.Qc4 b5 26.Qc6 Rxf2 27.Qxb5
Rxa2 28.Qb8+ Kg7 29.Qxc7 h5 30.Bd5 Rae2 31.Qxa7 Rf5 32.Qd4+ Kg8 33.Be4 Rf4 34.
Qd8+ Kh7 35.Bd3 Ref2 36.Qd5 Rf6 37.Qxh5+ Kg7 38.Qe5 Kh7 39.h4 R2f4 40.h5 Kh6
41.hxg6 fxg6 42.g3 Rf3 43.g4 g5 44.Bf5 Kg7 45.Qe7+ 1-0

[Event "Campeonato de Aragon por Equipos 2009"]
[Site "Aragon"]
[Date "2009.03.21"]
[Round "8.37"]
[White "Sig Vargas Marcos"]
[Black "Horton Justin"]
[Result "1/2-1/2"]
[WhiteElo "2117"]
[BlackElo "2137"]

1.e4 e5 2.Bc4 Nf6 3.d3 Nc6 4.Nc3 Na5 5.Nge2 Bc5 6.Ng3 c6 7.a3 Nxc4 8.dxc4 d6
9.Na4 Bb6 10.Nxb6 axb6 11.O-O O-O 12.Qd3 Be6 13.f4 b5 14.cxb5 cxb5 15.Qxb5 Qc7
16.fxe5 dxe5 17.b3 Qxc2 18.Qxe5 Ng4 19.Qf4 Qxb3 20.h3 Nf6 21.Be3 Rxa3 22.Rxa3
Qxa3 23.Bd4 Rc8 24.Kh2 Ne8 25.Nf5 Bxf5 26.exf5 Qd6 27.Be5 Qd5 28.f6 Rc4 29.Qg3
g6 30.Bb2 Rc2 31.Re1 Qd7 32.Qb3 Rxb2 33.Qxb2 Qd6+ 34.Qe5 Qxe5+ 35.Rxe5 Nxf6
36.Rb5 Kg7 37.Rxb7 h5 38.Kg3 Nd5 39.Rd7 Ne3 40.Kf3 Nf5 41.Kf4 Kf6 42.Ra7 Nd4
43.Ke4 Ne6 44.Ra6 Kg5 45.Kf3 1/2-1/2

[Event "Campeonato de Aragon por Equipos 2009"]
[Site "Aragon"]
[Date "2009.03.21"]
[Round "8.38"]
[White "Gonzalez Gambau Jorge"]
[Black "Andreu Sin Raul"]
[Result "1/2-1/2"]
[WhiteElo "2033"]
[BlackElo "2041"]

1.e4 e5 2.Nf3 Nc6 3.Nc3 Nf6 4.g3 Bc5 5.Bg2 d6 6.d3 O-O 7.Na4 h6 8.O-O a6 9.
Nxc5 dxc5 10.Be3 Qe7 11.h3 Be6 12.Nd2 Nd7 13.f4 f6 14.f5 Bf7 15.Qg4 Kh7 16.Nf3
Rg8 17.Qh4 Nd4 18.Rf2 Nxf3+ 19.Bxf3 Nf8 20.Bh5 b6 21.g4 Kh8 22.Kh2 Nh7 23.Rg1
Bxh5 24.gxh5 Rac8 25.Qg4 Qf7 26.a3 Rce8 27.Rfg2 Rc8 28.h4 Rce8 29.Qe2 Rd8 30.
Rg6 Nf8 31.R6g2 Nh7 32.Rg6 Nf8 1/2-1/2

[Event "Campeonato de Aragon por Equipos 2009"]
[Site "Aragon"]
[Date "2009.03.21"]
[Round "8.39"]
[White "Avellanas Pau Miguel Angel"]
[Black "Yanez Acin Gonzalo"]
[Result "1/2-1/2"]
[WhiteElo "1920"]
[BlackElo "1907"]

1.e4 Nf6 2.Nc3 d5 3.e5 Ne4 4.Nxe4 dxe4 5.d4 e6 6.g3 c5 7.Ne2 Nc6 8.c3 cxd4 9.
cxd4 Bb4+ 10.Bd2 O-O 11.Bg2 Qb6 12.Bc3 Rd8 13.Qc2 Nxd4 14.Nxd4 Qxd4 15.Rd1
Qxd1+ 16.Qxd1 Rxd1+ 17.Kxd1 Bxc3 18.bxc3 Bd7 19.Bxe4 Rc8 1/2-1/2

[Event "Campeonato de Aragon por Equipos 2009"]
[Site "Aragon"]
[Date "2009.03.21"]
[Round "8.40"]
[White "Perez Puyal Jose J"]
[Black "Sig Vargas Pablo"]
[Result "0-1"]
[WhiteElo "1867"]
[BlackElo "1877"]

1.d4 d5 2.Nf3 Nf6 3.e3 e6 4.Bd3 c5 5.c3 Bd6 6.O-O b6 7.Nbd2 O-O 8.e4 dxe4 9.
Nxe4 Bb7 10.Re1 Nxe4 11.Bxe4 Bxe4 12.Rxe4 Nc6 13.Be3 cxd4 14.Nxd4 Rc8 15.Qh5
Qf6 16.Nxc6 Rxc6 17.Bd4 Qg6 18.Qf3 Qf5 19.Rg4 Qxf3 20.gxf3 e5 21.Be3 f5 22.Rg2
f4 23.Bd2 Rd8 24.Kf1 Bc7 25.Ke2 Kf7 26.Rag1 g6 27.Rd1 Kf6 28.Rgg1 Rcd6 29.c4
Kf5 30.Bb4 Rxd1 31.Rxd1 Rxd1 32.Kxd1 e4 33.Ke2 exf3+ 34.Kxf3 g5 35.h3 h5 36.c5
g4+ 37.hxg4+ hxg4+ 38.Kg2 Ke4 39.cxb6 Bxb6 40.Bd2 Bd4 41.b4 f3+ 42.Kg3 Kd3 43.
Bf4 Ke2 44.Bd6 Bxf2+ 45.Kxg4 Be1 46.Bc5 Bxb4 47.Bxa7 Bd2 48.Bg1 Be3 0-1

[Event "Campeonato de Aragon por Equipos 2009"]
[Site "Aragon"]
[Date "2009.03.21"]
[Round "8.41"]
[White "Casado Dominguez Juan Manuel"]
[Black "Lopez Gracia Fernando"]
[Result "0-1"]
[WhiteElo "2180"]
[BlackElo "2297"]

1.c4 e5 2.Nc3 Nf6 3.d3 Bb4 4.Qb3 Nc6 5.a3 Bxc3+ 6.bxc3 h6 7.e4 O-O 8.Nf3 Re8
9.Be2 b6 10.h3 Bb7 11.Be3 Na5 12.Qb2 d6 13.g4 c6 14.g5 hxg5 15.Bxg5 d5 16.
O-O-O Qd6 17.Rhg1 dxe4 18.Nh4 Qe6 19.Bh6 Nh5 20.Qd2 Nb3+ 0-1

[Event "Campeonato de Aragon por Equipos 2009"]
[Site "Aragon"]
[Date "2009.03.21"]
[Round "8.42"]
[White "Gomez Anadon Daniel"]
[Black "Hernandez Delgado Gabriel"]
[Result "1-0"]
[WhiteElo "2280"]
[BlackElo "2023"]

1.e4 g6 2.d4 Bg7 3.Nc3 d6 4.a3 Nf6 5.f4 O-O 6.Nf3 c5 7.dxc5 dxc5 8.Qxd8 Rxd8
9.e5 Nd5 10.Nxd5 Rxd5 11.Bc4 Rd8 12.Be3 b6 13.c3 Ba6 14.Bb3 Nc6 15.Rd1 Bd3 16.
Kf2 Na5 17.Ba2 Bc2 18.Rxd8+ Rxd8 19.b4 Nb7 20.Rc1 Be4 21.Bxf7+ Kxf7 22.Ng5+
Kg8 23.Nxe4 c4 24.Ke2 h6 25.h4 Kf7 26.Bd4 Ke6 27.g4 Rf8 28.Ke3 Nd8 29.a4 Nc6
30.b5 Na5 31.Nd2 h5 32.gxh5 Bh6 33.Rf1 gxh5 34.Ke4 Rg8 35.Rg1 Rxg1 36.Bxg1 Kf7
37.Nf3 e6 38.f5 Nb3 39.fxe6+ Kxe6 40.Nd4+ Kd7 41.e6+ Kd6 42.Nf5+ 1-0

[Event "Campeonato de Aragon por Equipos 2009"]
[Site "Aragon"]
[Date "2009.03.21"]
[Round "8.43"]
[White "De la Riva Fernandez Eduardo"]
[Black "Arregui Untoria Carlos"]
[Result "1-0"]
[WhiteElo "1972"]
[BlackElo "2003"]

1.e4 c5 2.Nf3 e6 3.c4 Nc6 4.d4 cxd4 5.Nxd4 Nf6 6.Nc3 Bb4 7.f3 O-O 8.Be3 d5 9.
Nxc6 bxc6 10.e5 Nd7 11.f4 Bb7 12.a3 Bxc3+ 13.bxc3 Qa5 14.Qc2 f5 15.Be2 Nc5 16.
g4 Rad8 17.Bd2 Qc7 18.gxf5 Rxf5 19.Be3 Qe7 20.h4 h5 21.Rh3 Rdf8 22.Rb1 Ba8 23.
Bd3 Nxd3+ 24.Qxd3 Qxa3 25.Bd2 a5 26.Rh2 Qe7 27.Qg3 dxc4 28.Ra1 Qc5 29.Be3 Qd5
30.Rd1 Qb5 31.Rg2 Qb7 32.Bc5 Re8 33.Rgd2 Rf7 34.Qg6 Qc8 35.Bb6 Qb7 36.Rd8 Rxd8
37.Rxd8+ Rf8 38.Qxe6+ Qf7 39.Rxf8+ Kxf8 40.Bc5+ Kg8 41.Qc8+ Kh7 42.Qxa8 Qxf4
43.Qxc6 Qxe5+ 44.Kd2 Qh2+ 45.Kc1 Qf4+ 46.Kc2 Qh2+ 47.Kd1 Qxh4 48.Qf3 Qd8+ 49.
Bd4 Qg5 50.Qe4+ Qg6 51.Qd5 Qd3+ 52.Kc1 Qf1+ 53.Kb2 Qe2+ 54.Ka3 h4 55.Qg5 g6
56.Qxh4+ Kg8 57.Qh8+ Kf7 58.Qg7+ Ke6 59.Qxg6+ Kd7 60.Qf7+ Kc6 61.Qf6+ Kd7 62.
Qf5+ Kc6 63.Qc5+ Kd7 64.Qb5+ Kd6 65.Qxa5 Qf1 66.Qc5+ Ke6 67.Kb4 Qb1+ 68.Kxc4
Qf1+ 69.Kb4 Qb1+ 70.Ka4 Qa2+ 71.Kb5 Qb2+ 72.Qb4 Qh2 73.Qc5 Qe2+ 74.Kc6 1-0

[Event "Campeonato de Aragon por Equipos 2009"]
[Site "Aragon"]
[Date "2009.03.21"]
[Round "8.44"]
[White "Cebollada Pacheco Jesus Raul"]
[Black "Requena Munguira Jorge"]
[Result "0-1"]
[WhiteElo "1992"]
[BlackElo "1859"]

1.e4 c6 2.d4 d5 3.Nd2 dxe4 4.Nxe4 Bf5 5.Ng3 Bg6 6.Nf3 Nf6 7.h4 h6 8.h5 Bh7 9.
Bd3 Bxd3 10.Qxd3 Nbd7 11.Bf4 Qa5+ 12.Bd2 Qc7 13.O-O-O e6 14.Kb1 c5 15.c4 cxd4
16.Nxd4 Ne5 17.Nb5 Qc6 18.Qe2 Nxc4 19.Nd4 Nxd2+ 20.Rxd2 Qb6 21.Rhd1 Bc5 22.f4
O-O-O 23.Qc4 Kb8 24.Nde2 Rxd2 25.Rxd2 Be3 26.Rc2 Rd8 27.a4 Nd5 28.Nc3 Nb4 29.
Re2 Rc8 30.Qe4 Bd4 31.Nb5 Qc5 32.Re1 Bf2 0-1

[Event "Campeonato de Aragon por Equipos 2009"]
[Site "Aragon"]
[Date "2009.03.21"]
[Round "8.45"]
[White "Villuendas Valero Adrian"]
[Black "Gavin Roche Enrique"]
[Result "1/2-1/2"]
[WhiteElo "2195"]
[BlackElo "2278"]

1.e4 e5 2.Nf3 d6 3.d4 f5 4.dxe5 fxe4 5.Ng5 d5 6.e6 Nh6 7.g3 c6 8.Bh3 Na6 9.
Nxh7 Bb4+ 10.c3 Rxh7 11.Qh5+ Kf8 12.Bf5 Rh8 13.cxb4 Qe8 14.Qxe8+ Kxe8 15.Bg6+
Ke7 16.Bg5+ Kxe6 17.f3 Nxb4 18.Kd2 Nf7 19.Bxf7+ Kxf7 20.fxe4 dxe4 21.h4 Bg4
22.Nc3 e3+ 23.Kxe3 Nc2+ 24.Kf4 Nxa1 25.Kxg4 Nc2 26.Rd1 Rhf8 27.Ne4 Kg8 28.Rd2
Rae8 29.Nd6 Ne3+ 30.Kh3 Nf1 31.Rd3 Re2 32.Nxb7 Rff2 33.Rd4 Rxb2 34.Nc5 Rbe2
35.Rd3 Re5 36.Rc3 Rxa2 37.Bf4 Rd5 38.Ne6 Re2 39.Rxc6 Ne3 40.Ng5 Kf8 41.Re6 Rd3
42.Nh7+ Kg8 43.Ng5 Kf8 44.Nh7+ 1/2-1/2

[Event "Campeonato de Aragon por Equipos 2009"]
[Site "Aragon"]
[Date "2009.03.21"]
[Round "8.46"]
[White "Lopez Guaita Fernando"]
[Black "Cantin Zaborras Valentin"]
[Result "0-1"]
[WhiteElo "2062"]
[BlackElo "2117"]

1.c4 c6 2.Nc3 d5 3.d4 e5 4.dxe5 d4 5.Ne4 Qa5+ 6.Nd2 Bg4 7.h3 Bh5 8.g4 Bg6 9.
Nf3 h5 10.g5 Nd7 11.a3 O-O-O 12.Bg2 Nxe5 13.Nxe5 Qxe5 14.Nf3 Qe4 15.O-O d3 16.
exd3 Rxd3 17.Qa4 Rxf3 18.Qxa7 Bd6 19.Rd1 Qe5 20.Rxd6 Qxd6 21.Bxf3 Ne7 22.Be3
Qb8 23.Qxb8+ Kxb8 24.Bd4 Nf5 25.Bc3 Rg8 26.Kf1 Nh4 27.Be2 Bf5 28.Bxh5 Bxh3+
29.Kg1 Be6 30.b3 b5 31.cxb5 cxb5 32.a4 Bd5 33.f4 f6 34.axb5 fxg5 35.Be5+ Kb7
36.Kf2 gxf4 37.Bxf4 Rf8 38.Kg3 Nf5+ 39.Kg4 Nd4 40.Be3 Nxb5 41.Ra5 Bc6 42.Bf4
Bd7+ 43.Kg3 Bc6 44.Be5 Rf5 45.Be2 Rxe5 46.Bxb5 Rxb5 47.Ra3 Bd5 48.Kf4 Rxb3 49.
Ra5 Kc6 50.Ra6+ Rb6 51.Ra7 Rb7 52.Ra6+ Kd7 53.Rg6 Ke8 54.Kg5 Kf7 55.Ra6 Be6
56.Ra5 Rd7 57.Ra8 Rd5+ 58.Kh4 Kf6 59.Rf8+ Kg6 60.Kg3 Kg5 61.Re8 Bf5 62.Re7 g6
63.Re2 Rd3+ 64.Kg2 Kg4 65.Ra2 Be4+ 66.Kg1 g5 67.Ra1 Rb3 68.Kh2 Rb1 0-1

[Event "Campeonato de Aragon por Equipos 2009"]
[Site "Aragon"]
[Date "2009.03.21"]
[Round "8.47"]
[White "Valiente Roy Jose Javier"]
[Black "Bayod Rubia Angel"]
[Result "1/2-1/2"]
[WhiteElo "2088"]
[BlackElo "2041"]

1.Nf3 d6 2.c4 e5 3.d3 Nf6 4.g3 Be7 5.Bg2 O-O 6.O-O c6 7.Nbd2 Qc7 8.b3 Re8 9.
Bb2 Nbd7 10.Rc1 Nf8 11.b4 Ng6 12.a4 Bd7 13.Qb3 h6 14.e3 Be6 15.Qc3 Qd7 16.Qc2
Bh3 17.d4 Bxg2 18.Kxg2 Bf8 19.dxe5 dxe5 20.Bc3 e4 21.Ng1 Rad8 22.Bxf6 gxf6 23.
Nxe4 Qf5 24.Nc5 Qxc2 25.Rxc2 Bxc5 26.bxc5 Re5 27.Rb1 Rd7 28.Rcb2 Rxc5 29.Rxb7
Rxb7 30.Rxb7 a5 31.Ra7 Ne5 32.Nf3 Nxc4 33.Nd4 Nb2 34.Nb3 Rc2 35.Rxa5 Nd3 36.
Rf5 c5 37.a5 c4 38.Nc5 Ne5 39.Rxf6 Ra2 40.a6 c3 41.Rb6 Nc4 42.Rb3 Nxe3+ 43.Kf3
Nd1 44.Nd3 Rxa6 45.Ke2 Ra1 46.f4 Kg7 47.h3 c2 48.Kd2 Rb1 49.Kxc2 Rxb3 50.Kxb3
Ne3 51.Kc3 Nf1 52.g4 h5 53.Kd4 hxg4 54.hxg4 Nd2 55.Ke5 Nf3+ 56.Ke4 Nd2+ 57.Kf5
Nf3 1/2-1/2

[Event "Campeonato de Aragon por Equipos 2009"]
[Site "Aragon"]
[Date "2009.03.21"]
[Round "8.48"]
[White "Ferrer Echevarri Francisco Javi"]
[Black "Martin Barbero Roberto"]
[Result "1/2-1/2"]
[WhiteElo "1969"]
[BlackElo "2012"]

1.d4 Nf6 2.c4 g6 3.Nc3 Bg7 4.e4 d6 5.Nf3 O-O 6.Be2 e5 7.dxe5 dxe5 8.Qxd8 Rxd8
9.Bg5 c6 10.Nxe5 Re8 11.O-O-O Na6 12.Rd6 Nd5 13.cxd5 Bxe5 14.Rd8 Rxd8 15.Bxd8
cxd5 16.Bxa6 d4 17.Nd5 bxa6 18.Bf6 Bxf6 19.Nxf6+ Kg7 20.Nd5 f5 21.Rd1 fxe4 22.
Rxd4 Bf5 23.Ne3 Rf8 24.g4 Bc8 25.Rc4 Be6 26.Rxe4 Bxa2 27.Ra4 Bg8 28.Rxa6 Rxf2
29.g5 Rxh2 30.Rxa7+ Kf8 31.Ra8+ Kg7 32.Ra7+ Kf8 33.Ra8+ 1/2-1/2

[Event "Campeonato de Aragon por Equipos 2009"]
[Site "Aragon"]
[Date "2009.03.21"]
[Round "8.49"]
[White "Sicilia Ruiz Manuel"]
[Black "Malo Guillen Jose Luis"]
[Result "1-0"]
[WhiteElo "2153"]
[BlackElo "2162"]

1.d4 Nf6 2.Nf3 g6 3.c4 Bg7 4.Nc3 O-O 5.e3 d6 6.Be2 Nbd7 7.O-O e5 8.Qc2 Re8 9.
b3 e4 10.Nd2 Qe7 11.Bb2 Nf8 12.Rae1 Bf5 13.Qd1 h5 14.f3 Bh6 15.fxe4 Bxe3+ 16.
Kh1 Bg4 17.Nd5 Nxd5 18.Bxg4 hxg4 19.cxd5 Qg5 20.Bc3 g3 21.Nf3 Qh6 22.Qd3 Bf2
23.Re2 g5 24.Bd2 f6 25.Be3 Bxe3 26.Qxe3 Qh5 27.h3 Ng6 28.Rc2 Re7 29.Ng1 Qh4
30.Rxf6 Nf4 31.Rf5 Rf8 32.Nf3 Qh7 33.Rxg5+ Kh8 34.Rxg3 Rxe4 35.Qf2 Nxd5 36.Re2
Nc3 37.Rc2 Nd5 38.Qd2 Ref4 39.Rc1 c6 40.Re1 R4f6 41.Qg5 Nf4 42.Qxf6+ 1-0

[Event "Campeonato de Aragon por Equipos 2009"]
[Site "Aragon"]
[Date "2009.03.21"]
[Round "8.50"]
[White "Alonso Blasco Jose Miguel"]
[Black "Carruez Berges Santiago"]
[Result "1/2-1/2"]
[WhiteElo "2124"]
[BlackElo "2098"]

1.e4 g6 2.d4 Bg7 3.Nf3 d6 4.Nc3 Nf6 5.Be2 O-O 6.O-O b6 7.Re1 c5 8.dxc5 bxc5 9.
e5 dxe5 10.Nxe5 Bb7 11.Be3 Nbd7 12.Nxd7 Nxd7 13.Bb5 Ne5 14.Bxc5 Qc7 15.Be3 a6
16.Bf1 e6 17.Qe2 Nc6 18.Qc4 Rac8 19.Rad1 Qa5 20.Qb3 Ba8 21.Bb6 Qh5 22.Be2 Qf5
23.Bd3 Qh5 24.Be2 Qf5 25.Bd3 Qh5 26.Be2 1/2-1/2